Principles of economics / (Record no. 285)
[ view plain ]
| 000 -LEADER | |
|---|---|
| fixed length control field | 01295cam a22002414a 4500 |
| 001 - CONTROL NUMBER | |
| control field | 11945592 |
| 005 - DATE AND TIME OF LATEST TRANSACTION | |
| control field | 20210414113858.0 |
| 008 - FIXED-LENGTH DATA ELEMENTS--GENERAL INFORMATION | |
| fixed length control field | 000317s2001 txua 001 0 eng |
| 020 ## - INTERNATIONAL STANDARD BOOK NUMBER | |
| International Standard Book Number | 0030259517 (hard cover) |
| 040 ## - CATALOGING SOURCE | |
| Original cataloging agency | DLC |
| Transcribing agency | DLC |
| Modifying agency | DLC |
| 050 00 - LIBRARY OF CONGRESS CALL NUMBER | |
| Classification number | HB171.5.M264 |
| Item number | |
| 100 1# - MAIN ENTRY--PERSONAL NAME | |
| Personal name | Mankiw, N. Gregory. |
| 245 10 - TITLE STATEMENT | |
| Title | Principles of economics / |
| Statement of responsibility, etc. | N. Gregory Mankiw. |
| 250 ## - EDITION STATEMENT | |
| Edition statement | 2nd ed. |
| 260 ## - PUBLICATION, DISTRIBUTION, ETC. | |
| Place of publication, distribution, etc. | Fort Worth, TX : |
| Name of publisher, distributor, etc. | Harcourt College Publishers, |
| Date of publication, distribution, etc. | c2001. |
| 300 ## - PHYSICAL DESCRIPTION | |
| Extent | xlviii, 837 p. : |
| Other physical details | ill. (some col.) ; |
| Dimensions | 27 cm. |
| 500 ## - GENERAL NOTE | |
| General note | Includes index. |
| 505 ## - FORMATTED CONTENTS NOTE | |
| Formatted contents note | Contents: Introduction -- Supply and demand 1: How markets work -- Supply and demand 2: Markets and welfare -- The Economics of the public sector -- Firm behaviour and the organization of industry -- The Economics of labor markets -- Advanced topic -- The Data of macroeconomics -- The Real economy in the long run -- Money and prices in the long run -- The Macroeconomics of open economies -- Short-run economic fluctuations -- Final thought. |
| 650 #0 - SUBJECT ADDED ENTRY--TOPICAL TERM | |
| Topical term or geographic name entry element | Economics. |
| 942 ## - ADDED ENTRY ELEMENTS (KOHA) | |
| Source of classification or shelving scheme | Library of Congress Classification |
| Koha item type | Books |
| Withdrawn status | Lost status | Source of classification or shelving scheme | Damaged status | Not for loan | Home library | Current library | Shelving location | Date acquired | Total Checkouts | Full call number | Barcode | Date last seen | Copy number | Price effective from | Koha item type |
|---|---|---|---|---|---|---|---|---|---|---|---|---|---|---|---|
| Library of Congress Classification | WISCONSIN INTERNATIONAL UNIVERSITY COLLEGE, GHANA - MAIN LIBRARY | WISCONSIN INTERNATIONAL UNIVERSITY COLLEGE, GHANA - MAIN LIBRARY | General Stacks | 23/11/2011 | HB171.5.M264 | 790/11 | 23/11/2011 | 1 | 23/11/2011 | Books | |||||
| Library of Congress Classification | WISCONSIN INTERNATIONAL UNIVERSITY COLLEGE, GHANA - MAIN LIBRARY | WISCONSIN INTERNATIONAL UNIVERSITY COLLEGE, GHANA - MAIN LIBRARY | General Stacks | 23/11/2011 | HB171.5.M2641 | 791/11 | 23/11/2011 | 2 | 23/11/2011 | Books | |||||
| Library of Congress Classification | WISCONSIN INTERNATIONAL UNIVERSITY COLLEGE, GHANA - MAIN LIBRARY | WISCONSIN INTERNATIONAL UNIVERSITY COLLEGE, GHANA - MAIN LIBRARY | General Stacks | 23/11/2011 | HB171.5.M2642 | 792/11 | 23/11/2011 | 3 | 23/11/2011 | Books |
